000 00616nam a2200181 a 4500
001 ASIN9693208412
005 20140929182409.0
008 140929s2009 xxu eng d
020 _a9693208412 (hardcover)
020 _a9789693208412 (hardcover)
100 1 _aQadri, Hussain Mohi-Ud-Din.
245 1 0 _aEconomics of agriculture industry in pakistan /
_cHussain Mohi-Ud-Din Qadri.
260 _a[S.l.] :
_bTehreek-e-Minhaj-ul-Quran,
_c2009.
300 _a588 p. ;
_c22 cm.
490 1 _aVol. i.
830 0 _aVol. i.
856 4 0 _3Amazon.com
_uhttp://www.amazon.com/exec/obidos/ASIN/9693208412/chopaconline-20
999 _c10484
_d10484